Statistics for Largest rain forests in the world

Click here to take the quiz!

General Stats

  • This quiz has been taken 85 times
  • The average score is 2 of 10

Answer Stats

RankAnswer% Correct
#1Amazon
97%
#2Congo
74%
#4Papua New Guinea
29%
#3Daintree
16%
#7Ecuadorian
3%
#8Montecristo
1%
#6Monteverde
1%
#5Sapo
1%
#10Sinharaja
1%
#9Mount Kinabalu
0%

Score Distribution

Percentile by Number Answered

Percent of People with Each Score

Your Score History

You have not taken this quiz